[Event "Cannes - Festival International des Jeux"]
[Date "2026.02.25"]
[White "Belkaid, Sohan"]
[Black "Nogerbek, Kazybek"]
[WhiteElo "2343"]
[BlackElo "2539"]
[Round "4.4.6"]
[Result "1/2-1/2"]

e4 {[%emt 00:47:56]} e5 {[%emt 00:00:07]} Nf3 {[%emt 00:00:12]} Nc6 {[%emt
00:00:05]} Bc4 {[%emt 00:00:21]} Nf6 {[%emt 00:00:08]} d3 {[%emt 00:00:19]} a6
{[%emt 00:01:30]} Nc3 {[%emt 00:08:14]} Bc5 {[%emt 00:01:13]} a4 {[%emt
00:08:54]} d6 {[%emt 00:01:14]} h3 {[%emt 00:00:30]} h6 {[%emt 00:00:34]} Be3
{[%emt 00:01:19]} Bxe3 {[%emt 00:00:21]} fxe3 {[%emt 00:00:08]} Be6 {[%emt
00:00:09]} b3 {[%emt 00:01:04]} d5 {[%emt 00:05:55]} exd5 {[%emt 00:00:35]} Nxd5
{[%emt 00:00:11]} Qd2 {[%emt 00:00:43]} Qd6 {[%emt 00:04:39]} O-O {[%emt
00:03:36]} Nxc3 {[%emt 00:03:42]} Qxc3 {[%emt 00:02:57]} O-O {[%emt 00:00:10]}
Nd2 {[%emt 00:24:10]} f5 {[%emt 00:09:46]} Bxe6+ {[%emt 00:16:30]} Qxe6 {[%emt
00:00:36]} b4 {[%emt 00:00:10]} Rac8 {[%emt 00:10:21]} b5 {[%emt 00:04:58]} axb5
{[%emt 00:00:37]} axb5 {[%emt 00:00:08]} Ne7 {[%emt 00:00:06]} Qc4 {[%emt
00:11:44]} Qxc4 {[%emt 00:02:03]} Nxc4 {[%emt 00:00:02]} Nd5 {[%emt 00:00:16]}
Rf2 {[%emt 00:05:18]} Rce8 {[%emt 00:10:26]} Ra7 {[%emt 00:02:40]} e4 {[%emt
00:06:07]} Rxb7 {[%emt 00:00:19]} f4 {[%emt 00:00:06]} exf4 {[%emt 00:01:45]} e3
{[%emt 00:00:08]} Re2 {[%emt 00:00:08]} Rxf4 {[%emt 00:00:06]} b6 {[%emt
00:02:54]} cxb6 {[%emt 00:01:30]} Rd7 {[%emt 00:00:09]} b5 {[%emt 00:01:24]}
Rxd5 {[%emt 00:00:31]} bxc4 {[%emt 00:00:07]} g3 {[%emt 00:01:43]} Rf3 {[%emt
00:01:13]} Kg2 {[%emt 00:00:24]} Ref8 {[%emt 00:00:06]} dxc4 {[%emt 00:01:03]}
Rf2+ {[%emt 00:00:28]} Rxf2 {[%emt 00:00:06]} Rxf2+ {[%emt 00:00:05]} Kg1 {[%emt
00:00:05]} Rxc2 {[%emt 00:00:06]} Re5 {[%emt 00:00:09]} e2 {[%emt 00:00:08]} Kf2
{[%emt 00:00:24]}

[Site "Europe Echecs"]

[Event "Cannes - Festival International des Jeux"]
[Date "2026.02.26"]
[White "Bogdanov, Egor"]
[Black "Materia, Marco"]
[WhiteElo "2502"]
[BlackElo "2497"]
[Round "5.5.1"]
[Result "1/2-1/2"]

e4 {[%emt 00:14:46]} c5 {[%emt 00:00:05]} Nf3 {[%emt 00:00:04]} d6 {[%emt
00:00:04]} Bb5+ {[%emt 00:00:40]} Nd7 {[%emt 00:00:05]} Ba4 {[%emt 00:08:09]}
Ngf6 {[%emt 00:02:30]} O-O {[%emt 00:00:58]} e6 {[%emt 00:06:33]} Re1 {[%emt
00:00:52]} a6 {[%emt 00:02:13]} c3 {[%emt 00:00:51]} b5 {[%emt 00:01:36]} Bc2
{[%emt 00:00:06]} c4 {[%emt 00:03:29]} a4 {[%emt 00:02:09]} Bb7 {[%emt
00:00:28]} d4 {[%emt 00:12:22]} cxd3 {[%emt 00:02:27]} Bxd3 {[%emt 00:00:26]}
bxa4 {[%emt 00:11:17]} Qxa4 {[%emt 00:00:47]} Be7 {[%emt 00:01:40]} Be3 {[%emt
00:03:03]} O-O {[%emt 00:01:56]} Nbd2 {[%emt 00:03:08]} Ng4 {[%emt 00:04:50]}
Bd4 {[%emt 00:02:18]} e5 {[%emt 00:03:30]} Be3 {[%emt 00:00:49]} Nxe3 {[%emt
00:02:11]} Rxe3 {[%emt 00:00:14]} Nc5 {[%emt 00:01:04]} Qc2 {[%emt 00:04:02]}
Nxd3 {[%emt 00:01:18]} Rxd3 {[%emt 00:01:36]} Qc7 {[%emt 00:02:10]} c4 {[%emt
00:01:47]} a5 {[%emt 00:01:17]} Rc3 {[%emt 00:01:29]} Bc6 {[%emt 00:08:08]} Nf1
{[%emt 00:05:36]} Qb7 {[%emt 00:10:25]} Rb3 {[%emt 00:02:34]} Qa7 {[%emt
00:01:22]} Ne3 {[%emt 00:02:37]} Rfb8 {[%emt 00:02:06]} Nd5 {[%emt 00:05:00]}
Rxb3 {[%emt 00:03:45]} Qxb3 {[%emt 00:00:13]} Bxd5 {[%emt 00:02:36]} cxd5 {[%emt
00:01:24]} Rc8 {[%emt 00:00:02]} g3 {[%emt 00:01:09]} g6 {[%emt 00:01:16]} Kg2
{[%emt 00:02:00]} Bd8 {[%emt 00:08:06]} Qd3 {[%emt 00:02:32]} Qc5 {[%emt
00:00:55]} b3 {[%emt 00:04:32]} Qc2 {[%emt 00:06:22]} Qa6 {[%emt 00:02:19]} Rc3
{[%emt 00:02:13]} Re1 {[%emt 00:03:24]} Bc7 {[%emt 00:04:31]} Ng5 {[%emt
00:04:27]} Kg7 {[%emt 00:01:36]} Qb5 {[%emt 00:03:16]} Qd2 {[%emt 00:01:38]} h4
{[%emt 00:03:36]} Bd8 {[%emt 00:00:58]} Ne6+ {[%emt 00:01:28]} fxe6 {[%emt
00:00:12]} Re2 {[%emt 00:02:18]} Qd1 {[%emt 00:00:31]} Qd7+ {[%emt 00:00:32]}
Kh6 {[%emt 00:00:04]} Qxd8 {[%emt 00:01:26]} Qxe2 {[%emt 00:00:12]} Qg5+ {[%emt
00:04:14]} Kg7 {[%emt 00:00:02]} Qe7+ {[%emt 00:02:58]}

[Site "Europe Echecs"]

[Event "Cannes - Festival International des Jeux"]
[Date "2026.02.26"]
[White "Harshavardhan G B"]
[Black "Laurent-Paoli, Pierre"]
[WhiteElo "2477"]
[BlackElo "2539"]
[Round "5.5.2"]
[Result "1/2-1/2"]

e4 {[%emt 00:03:35] [%clk 01:27:24]} c5 {[%emt 00:10:49] [%clk 01:20:11]} Nf3
{[%emt 00:00:28] [%clk 01:27:26]} Nc6 {[%emt 00:00:37] [%clk 01:20:04]} c3
{[%emt 00:00:24] [%clk 01:27:33]} d5 {[%emt 00:03:24] [%clk 01:17:10]} exd5
{[%emt 00:00:06] [%clk 01:27:57]} Qxd5 {[%emt 00:00:02] [%clk 01:17:37]} d4
{[%emt 00:00:08] [%clk 01:28:20]} Bf5 {[%emt 00:00:06] [%clk 01:18:01]} dxc5
{[%emt 00:11:43] [%clk 01:17:07]} Qxd1+ {[%emt 00:00:39] [%clk 01:17:52]} Kxd1
{[%emt 00:00:05] [%clk 01:17:31]} e6 {[%emt 00:00:46] [%clk 01:17:36]} Be3
{[%emt 00:04:29] [%clk 01:13:33]} Nf6 {[%emt 00:01:58] [%clk 01:16:07]} Nbd2
{[%emt 00:04:48] [%clk 01:09:14]} Nd5 {[%emt 00:15:22] [%clk 01:01:15]} Nb3
{[%emt 00:00:50] [%clk 01:08:55]} O-O-O {[%emt 00:02:15] [%clk 00:59:29]} Ke1
{[%emt 00:01:27] [%clk 01:07:58]} e5 {[%emt 00:06:50] [%clk 00:53:09]} Bb5
{[%emt 00:04:38] [%clk 01:03:50]} Nxe3 {[%emt 00:06:29] [%clk 00:47:10]} fxe3
{[%emt 00:00:06] [%clk 01:04:14]} f6 {[%emt 00:00:05] [%clk 00:47:35]} Nfd2
{[%emt 00:06:39] [%clk 00:58:05]} Be7 {[%emt 00:05:02] [%clk 00:43:03]} e4
{[%emt 00:18:41] [%clk 00:39:54]} Bg6 {[%emt 00:00:06] [%clk 00:43:27]} Ke2
{[%emt 00:01:02] [%clk 00:39:22]} Kc7 {[%emt 00:02:16] [%clk 00:41:41]} Ke3
{[%emt 00:05:31] [%clk 00:34:21]} Nb8 {[%emt 00:03:43] [%clk 00:38:28]} Rhd1
{[%emt 00:02:10] [%clk 00:32:41]} Nd7 {[%emt 00:03:52] [%clk 00:35:06]} Bxd7
{[%emt 00:00:13] [%clk 00:32:58]} Rxd7 {[%emt 00:00:06] [%clk 00:35:31]} Nc4
{[%emt 00:00:13] [%clk 00:33:15]} Rhd8 {[%emt 00:00:39] [%clk 00:35:21]} Rxd7+
{[%emt 00:00:37] [%clk 00:33:08]} Rxd7 {[%emt 00:00:04] [%clk 00:35:47]} Nd6
{[%emt 00:00:05] [%clk 00:33:33]} Bxd6 {[%emt 00:01:39] [%clk 00:34:37]} cxd6+
{[%emt 00:00:04] [%clk 00:33:59]} Rxd6 {[%emt 00:00:10] [%clk 00:34:58]} Nd2
{[%emt 00:02:36] [%clk 00:31:53]} Bf7 {[%emt 00:01:00] [%clk 00:34:28]} b3
{[%emt 00:01:23] [%clk 00:30:59]} Be6 {[%emt 00:02:36] [%clk 00:32:22]} Rc1
{[%emt 00:02:08] [%clk 00:29:22]} Kd7 {[%emt 00:03:34] [%clk 00:29:19]} c4
{[%emt 00:01:39] [%clk 00:28:13]} Ke7 {[%emt 00:00:19] [%clk 00:29:29]} g3
{[%emt 00:05:14] [%clk 00:23:29]} g6 {[%emt 00:00:30] [%clk 00:29:29]} Nb1
{[%emt 00:00:57] [%clk 00:23:02]} f5 {[%emt 00:01:48] [%clk 00:28:11]} Nc3
{[%emt 00:00:06] [%clk 00:23:26]} Rd4 {[%emt 00:00:57] [%clk 00:27:43]} Rd1
{[%emt 00:03:24] [%clk 00:20:33]} Rxd1 {[%emt 00:00:35] [%clk 00:27:38]} Nxd1
{[%emt 00:00:04] [%clk 00:20:59]} Kd6 {[%emt 00:02:22] [%clk 00:25:45]} Nf2
{[%emt 00:00:40] [%clk 00:20:49]} Bd7 {[%emt 00:01:05] [%clk 00:25:10]} h4
{[%emt 00:04:48] [%clk 00:16:30]} Ke6 {[%emt 00:06:13] [%clk 00:19:28]} Kd3
{[%emt 00:03:09] [%clk 00:13:51]} Bc6 {[%emt 00:02:09] [%clk 00:17:48]} Ke3
{[%emt 00:00:03] [%clk 00:14:18]} b6 {[%emt 00:05:11] [%clk 00:13:07]} Kd3
{[%emt 00:00:12] [%clk 00:14:36]} b5 {[%emt 00:07:24] [%clk 00:06:13]} cxb5
{[%emt 00:05:57] [%clk 00:09:10]} Bxb5+ {[%emt 00:00:02] [%clk 00:06:41]} Ke3
{[%emt 00:00:08] [%clk 00:09:32]} Bc6 {[%emt 00:01:13] [%clk 00:05:58]} Kd3
{[%emt 00:01:02] [%clk 00:09:00]} Bb7 {[%emt 00:04:20] [%clk 00:02:08]} Ke3
{[%emt 00:00:18] [%clk 00:09:12]} Ba8 {[%emt 00:05:16] [%clk 00:27:52]} Kd3
{[%emt 00:00:23] [%clk 00:40:20]} Bc6 {[%emt 00:00:08] [%clk 00:28:13]} Ke3
{[%emt 00:00:15] [%clk 00:40:35]} h6 {[%emt 00:02:54] [%clk 00:25:49]} g4 {[%emt
00:11:12] [%clk 00:29:53]} f4+ {[%emt 00:03:39] [%clk 00:22:41]} Kd3 {[%emt
00:00:05] [%clk 00:30:17]} Bb5+ {[%emt 00:00:51] [%clk 00:22:20]} Kd2 {[%emt
00:00:40] [%clk 00:30:08]} a5 {[%emt 00:03:33] [%clk 00:19:17]} a3 {[%emt
00:01:37] [%clk 00:29:01]} Kd6 {[%emt 00:00:53] [%clk 00:18:52]} g5 {[%emt
00:00:32] [%clk 00:29:00]} h5 {[%emt 00:00:30] [%clk 00:18:52]} Kc3 {[%emt
00:00:29] [%clk 00:29:01]} Kc5 {[%emt 00:01:23] [%clk 00:17:59]} Nd1 {[%emt
00:00:09] [%clk 00:29:23]} Be2 {[%emt 00:01:49] [%clk 00:16:39]} Nf2 {[%emt
00:00:04] [%clk 00:29:49]} Bf1 {[%emt 00:01:47] [%clk 00:15:22]} Nd1 {[%emt
00:00:06] [%clk 00:30:13]} Be2 {[%emt 00:07:33] [%clk 00:08:19]} Nf2 {[%emt
00:00:04] [%clk 00:30:40]} Bb5 {[%emt 00:04:55] [%clk 00:03:54]} Nd1 {[%emt
00:00:05] [%clk 00:31:04]} Bd7 {[%emt 00:00:29] [%clk 00:03:55]} Nf2 {[%emt
00:00:04] [%clk 00:31:30]} Be6 {[%emt 00:01:19] [%clk 00:03:06]} Nd3+ {[%emt
00:00:08] [%clk 00:31:52]} Kd6 {[%emt 00:00:06] [%clk 00:03:30]} Nf2 {[%emt
00:00:03] [%clk 00:32:19]} Bf7 {[%emt 00:00:22] [%clk 00:03:38]} Nd3 {[%emt
00:00:04] [%clk 00:32:44]} Bg8 {[%emt 00:00:18] [%clk 00:03:50]} Nf2 {[%emt
00:00:05] [%clk 00:33:09]} Be6 {[%emt 00:00:06] [%clk 00:04:14]} Nd3 {[%emt
00:00:06] [%clk 00:33:33]} Bh3 {[%emt 00:00:34] [%clk 00:04:09]} Nf2 {[%emt
00:00:06] [%clk 00:33:58]} Bg2 {[%emt 00:00:49] [%clk 00:03:50]} Kd3 {[%emt
00:00:05] [%clk 00:34:23]} Kc5 {[%emt 00:01:22] [%clk 00:02:58]} Kc3 {[%emt
00:00:04] [%clk 00:34:50]} Bf3 {[%emt 00:01:05] [%clk 00:02:22]} Nd3+ {[%emt
00:00:03] [%clk 00:35:17]} Kd6 {[%emt 00:00:07] [%clk 00:02:45]} Nf2 {[%emt
00:00:03] [%clk 00:35:44]} Be2 {[%emt 00:00:50] [%clk 00:02:26]} Kd2 {[%emt
00:00:10] [%clk 00:36:04]} Ba6 {[%emt 00:00:15] [%clk 00:02:41]} Kc3 {[%emt
00:00:03] [%clk 00:36:31]} Kc5 {[%emt 00:00:23] [%clk 00:02:48]} Nd1 {[%emt
00:00:08] [%clk 00:36:53]} Bf1 {[%emt 00:01:24] [%clk 00:01:53]} Nf2 {[%emt
00:00:05] [%clk 00:37:19]} Be2 {[%emt 00:00:06] [%clk 00:02:17]} Nh3 {[%emt
00:00:10] [%clk 00:37:39]} Bd1 {[%emt 00:01:51] [%clk 00:00:55]} Nf2 {[%emt
00:00:04] [%clk 00:38:06]} Be2 {[%emt 00:00:10] [%clk 00:01:15]} Nh3 {[%emt
00:00:04] [%clk 00:38:31]} Kd6 {[%emt 00:00:31] [%clk 00:01:14]} Nf2 {[%emt
00:00:04] [%clk 00:38:57]} Bf1 {[%emt 00:00:21] [%clk 00:01:23]} Nd1 {[%emt
00:00:04] [%clk 00:39:23]} Kc6 {[%emt 00:00:53] [%clk 00:01:00]} Nf2 {[%emt
00:00:03] [%clk 00:39:50]} Kb5 {[%emt 00:00:07] [%clk 00:01:23]} Nd1 {[%emt
00:00:07] [%clk 00:40:13]} Be2 {[%emt 00:00:44] [%clk 00:01:09]}

[Site "Europe Echecs"]

[Event "Cannes - Festival International des Jeux"]
[Date "2026.02.26"]
[White "Larkin, Vladyslav"]
[Black "Shukhman, Anna"]
[WhiteElo "2478"]
[BlackElo "2431"]
[Round "5.5.3"]
[Result "1/2-1/2"]

e4 {[%emt 00:00:07] [%clk 01:30:53]} c5 {[%emt 00:00:06] [%clk 01:30:54]} Nf3
{[%emt 00:00:14] [%clk 01:31:08]} d6 {[%emt 00:00:03] [%clk 01:31:21]} Bb5+
{[%emt 00:00:21] [%clk 01:31:17]} Bd7 {[%emt 00:00:03] [%clk 01:31:49]} Bxd7+
{[%emt 00:00:44] [%clk 01:31:04]} Nxd7 {[%emt 00:00:04] [%clk 01:32:15]} O-O
{[%emt 00:03:50] [%clk 01:27:43]} e6 {[%emt 00:00:04] [%clk 01:32:41]} b3 {[%emt
00:04:38] [%clk 01:23:35]} Be7 {[%emt 00:00:43] [%clk 01:32:28]} Bb2 {[%emt
00:00:05] [%clk 01:24:00]} Bf6 {[%emt 00:00:09] [%clk 01:32:49]} d4 {[%emt
00:00:26] [%clk 01:24:04]} cxd4 {[%emt 00:01:52] [%clk 01:31:28]} Nxd4 {[%emt
00:00:19] [%clk 01:24:15]} Ne7 {[%emt 00:07:06] [%clk 01:24:52]} c4 {[%emt
00:02:36] [%clk 01:22:09]} Nc6 {[%emt 00:02:17] [%clk 01:23:05]} Qd2 {[%emt
00:03:27] [%clk 01:19:12]} O-O {[%emt 00:01:02] [%clk 01:22:33]} Rd1 {[%emt
00:06:21] [%clk 01:13:21]} Nc5 {[%emt 00:03:42] [%clk 01:19:21]} Nxc6 {[%emt
00:01:35] [%clk 01:12:15]} bxc6 {[%emt 00:00:02] [%clk 01:19:49]} Bxf6 {[%emt
00:00:21] [%clk 01:12:24]} Qxf6 {[%emt 00:00:04] [%clk 01:20:15]} Nc3 {[%emt
00:00:06] [%clk 01:12:49]} Rfd8 {[%emt 00:01:21] [%clk 01:19:24]} b4 {[%emt
00:10:07] [%clk 01:03:12]} Nd7 {[%emt 00:00:13] [%clk 01:19:41]} Rac1 {[%emt
00:00:28] [%clk 01:03:14]} Nb6 {[%emt 00:12:39] [%clk 01:07:33]} Qe2 {[%emt
00:00:20] [%clk 01:03:24]} d5 {[%emt 00:09:48] [%clk 00:58:15]} cxd5 {[%emt
00:02:27] [%clk 01:01:26]}

[Site "Europe Echecs"]

[Event "Cannes - Festival International des Jeux"]
[Date "2026.02.26"]
[White "Kirikov, Petr"]
[Black "Tadevosyan, Hayk"]
[WhiteElo "1745"]
[BlackElo "1475"]
[Round "5.5.4"]
[Result "1/2-1/2"]

d4 {[%emt 00:00:25] [%clk 01:30:34]} d5 {[%emt 00:03:03] [%clk 01:27:57]} c4
{[%emt 00:00:08] [%clk 01:30:56]} e6 {[%emt 00:00:03] [%clk 01:28:24]} Nc3
{[%emt 00:00:06] [%clk 01:31:20]} Be7 {[%emt 00:00:05] [%clk 01:28:49]} Nf3
{[%emt 00:00:24] [%clk 01:31:26]} Nf6 {[%emt 00:00:19] [%clk 01:29:00]} g3
{[%emt 00:00:22] [%clk 01:31:33]} O-O {[%emt 00:02:00] [%clk 01:27:29]} Bg2
{[%emt 00:00:30] [%clk 01:31:34]} b6 {[%emt 00:08:13] [%clk 01:19:46]} cxd5
{[%emt 00:03:00] [%clk 01:29:04]} exd5 {[%emt 00:00:58] [%clk 01:19:19]} O-O
{[%emt 00:00:39] [%clk 01:28:54]} Bb7 {[%emt 00:01:43] [%clk 01:18:07]} b3
{[%emt 00:03:09] [%clk 01:26:16]} Nbd7 {[%emt 00:03:47] [%clk 01:14:50]} Bb2
{[%emt 00:01:31] [%clk 01:25:14]} c5 {[%emt 00:05:31] [%clk 01:09:49]} Rc1
{[%emt 00:05:04]} Ne4 {[%emt 00:19:03]} Nd2 {[%emt 00:13:20] [%clk 01:07:48]} f5
{[%emt 00:07:57] [%clk 00:43:52]} Ndxe4 {[%emt 00:04:35] [%clk 01:03:44]} fxe4
{[%emt 00:00:36] [%clk 00:43:46]} e3 {[%emt 00:01:26] [%clk 01:02:48]} Bg5
{[%emt 00:12:35] [%clk 00:31:40]} Ne2 {[%emt 00:06:43] [%clk 00:56:34]} Ba6
{[%emt 00:07:23] [%clk 00:24:50]} Re1 {[%emt 00:02:59] [%clk 00:54:03]} Bd3
{[%emt 00:01:33]} Rc3 {[%emt 00:11:32] [%clk 00:43:00]} c4 {[%emt 00:05:13]
[%clk 00:19:08]} bxc4 {[%emt 00:06:40] [%clk 00:36:49]} dxc4 {[%emt 00:00:22]
[%clk 00:19:16]} Nf4 {[%emt 00:00:47] [%clk 00:36:32]} Bxf4 {[%emt 00:00:25]
[%clk 00:19:22]} exf4 {[%emt 00:00:20] [%clk 00:36:42]} Nf6 {[%emt 00:01:05]
[%clk 00:18:47]} Rxd3 {[%emt 00:04:25] [%clk 00:32:47]} exd3 {[%emt 00:00:32]
[%clk 00:18:45]} Bxa8 {[%emt 00:03:20] [%clk 00:29:56]} Qxa8 {[%emt 00:00:05]
[%clk 00:19:10]} Qa4 {[%emt 00:02:49] [%clk 00:27:37]} Rc8 {[%emt 00:06:33]
[%clk 00:13:02]} Bc3 {[%emt 00:06:08] [%clk 00:22:03]} Ne4 {[%emt 00:04:11]
[%clk 00:09:21]} Qa3 {[%emt 00:01:27] [%clk 00:21:06]} Nxc3 {[%emt 00:00:51]
[%clk 00:09:00]} Qxc3 {[%emt 00:00:15] [%clk 00:21:21]} b5 {[%emt 00:01:01]
[%clk 00:08:31]} d5 {[%emt 00:04:20] [%clk 00:17:30]} Re8 {[%emt 00:03:34] [%clk
00:05:26]} Rxe8+ {[%emt 00:00:58] [%clk 00:17:03]} Qxe8 {[%emt 00:00:03] [%clk
00:05:53]} d6 {[%emt 00:00:15] [%clk 00:17:18]} Qd7 {[%emt 00:02:41] [%clk
00:03:40]} Qd4 {[%emt 00:00:41] [%clk 00:17:09]} a5 {[%emt 00:01:24] [%clk
00:02:47]} Qd5+ {[%emt 00:00:24] [%clk 00:17:15]} Kf8 {[%emt 00:00:09] [%clk
00:03:06]} Qa8+ {[%emt 00:01:37] [%clk 00:16:10]} Kf7 {[%emt 00:00:05] [%clk
00:03:30]} Qd5+ {[%emt 00:00:26] [%clk 00:16:14]} Kf8 {[%emt 00:00:57] [%clk
00:03:03]} Qa8+ {[%emt 00:00:09] [%clk 00:16:36]} Kf7 {[%emt 00:01:19] [%clk
00:02:13]} Qd5+ {[%emt 00:00:07] [%clk 00:16:59]} Kf8 {[%emt 00:00:46] [%clk
00:01:58]}

[Site "Europe Echecs"]

[Event "Cannes - Festival International des Jeux"]
[Date "2026.02.26"]
[White "Frick, Christoph"]
[Black "Figier, Anthony"]
[WhiteElo "2097"]
[BlackElo "2099"]
[Round "5.5.5"]
[Result "1/2-1/2"]

d4 {[%emt 00:00:04] [%clk 01:30:55]} d5 {[%emt 00:00:34] [%clk 01:30:26]} Nf3
{[%emt 00:00:09] [%clk 01:31:16]} Nf6 {[%emt 00:00:05] [%clk 01:30:52]} c3
{[%emt 00:00:18] [%clk 01:31:27]} Bf5 {[%emt 00:03:38] [%clk 01:27:44]} Qb3
{[%emt 00:00:44] [%clk 01:31:14]} Nbd7 {[%emt 00:00:06] [%clk 01:28:08]} Qxb7
{[%emt 00:04:31] [%clk 01:27:13]} e6 {[%emt 00:00:07] [%clk 01:28:32]} Qb3
{[%emt 00:01:25] [%clk 01:26:18]} a5 {[%emt 00:00:06] [%clk 01:28:56]} a4 {[%emt
00:06:54] [%clk 01:19:53]} Rb8 {[%emt 00:01:29] [%clk 01:27:57]} Qd1 {[%emt
00:00:11] [%clk 01:20:11]} Bd6 {[%emt 00:05:10] [%clk 01:23:18]} e3 {[%emt
00:01:56] [%clk 01:18:46]} O-O {[%emt 00:03:52] [%clk 01:19:56]} Nbd2 {[%emt
00:03:02] [%clk 01:16:13]} c6 {[%emt 00:22:48] [%clk 00:57:39]} Nh4 {[%emt
00:07:06] [%clk 01:09:37]} Re8 {[%emt 00:06:50] [%clk 00:51:20]} Be2 {[%emt
00:02:55] [%clk 01:07:11]} Ne4 {[%emt 00:05:21] [%clk 00:46:29]} Nxf5 {[%emt
00:01:29] [%clk 01:06:12]} exf5 {[%emt 00:00:08] [%clk 00:46:52]} Nxe4 {[%emt
00:03:02] [%clk 01:03:39]} fxe4 {[%emt 00:02:06] [%clk 00:45:16]} Rb1 {[%emt
00:01:32] [%clk 01:02:36]} Re6 {[%emt 00:00:33] [%clk 00:45:13]} Bd2 {[%emt
00:04:46] [%clk 00:58:19]} Qe7 {[%emt 00:00:18] [%clk 00:45:27]} g3 {[%emt
00:17:01] [%clk 00:41:48]} f5 {[%emt 00:07:06] [%clk 00:38:51]} c4 {[%emt
00:09:00] [%clk 00:38:46]}

[Site "Europe Echecs"]

[Event "Cannes - Festival International des Jeux"]
[Date "2026.02.26"]
[White "Adhiban, B."]
[Black "Tomasi, Albert"]
[WhiteElo "2557"]
[BlackElo "2285"]
[Round "5.5.6"]
[Result "1/2-1/2"]

d4 {[%emt 00:43:46]} d5 {[%emt 00:00:45]} Bg5 {[%emt 00:00:11]} Nd7 {[%emt
00:04:54]} e3 {[%emt 00:17:34]} Ngf6 {[%emt 00:00:48]} Nf3 {[%emt 00:02:22]} e6
{[%emt 00:00:44]} Nbd2 {[%emt 00:00:16]} Be7 {[%emt 00:02:40]} Bd3 {[%emt
00:01:43]} a6 {[%emt 00:07:17]} c3 {[%emt 00:08:25]} O-O {[%emt 00:04:52]} a4
{[%emt 00:14:07]} b6 {[%emt 00:01:48]} a5 {[%emt 00:00:14]} Bb7 {[%emt
00:07:12]} Qb1 {[%emt 00:02:05]} h6 {[%emt 00:01:21]} Bf4 {[%emt 00:00:10]} Nh5
{[%emt 00:10:45]} axb6 {[%emt 00:01:24]} Nxf4 {[%emt 00:01:06]} exf4 {[%emt
00:00:05]} cxb6 {[%emt 00:03:08]} f5 {[%emt 00:03:37]} exf5 {[%emt 00:07:07]}
Bxf5 {[%emt 00:00:05]} b5 {[%emt 00:00:14]} O-O {[%emt 00:01:00]} b4 {[%emt
00:00:05]} Nb3 {[%emt 00:00:55]} Bc6 {[%emt 00:01:20]} cxb4 {[%emt 00:09:04]}
Bxb4 {[%emt 00:01:47]} Rc1 {[%emt 00:00:04]} Qb6 {[%emt 00:04:40]} Qc2 {[%emt
00:05:58]} Bb5 {[%emt 00:00:20]} Qc7 {[%emt 00:05:41]} Ra7 {[%emt 00:00:34]}
Qxb6 {[%emt 00:01:10]} Nxb6 {[%emt 00:00:05]} Nc5 {[%emt 00:00:03]} a5 {[%emt
00:06:01]} Bd3 {[%emt 00:01:06]} Nc4 {[%emt 00:02:34]} b3 {[%emt 00:01:06]} Nd6
{[%emt 00:00:15]} Ne5 {[%emt 00:04:38]} Rc8 {[%emt 00:07:43]} Na4 {[%emt
00:05:14]} Rac7 {[%emt 00:13:06]} Rxc7 {[%emt 00:00:16]} Rxc7 {[%emt 00:00:04]}
Nb6 {[%emt 00:00:10]} Rc3 {[%emt 00:01:05]} Nxd5 {[%emt 00:02:02]} Rxb3 {[%emt
00:00:08]} Nxb4 {[%emt 00:00:15]} Rxb4 {[%emt 00:00:39]} Bxb5 {[%emt 00:01:06]}
Nxb5 {[%emt 00:01:15]} Nc6 {[%emt 00:00:33]} Rc4 {[%emt 00:00:15]} Nxa5 {[%emt
00:00:19]} Rxd4 {[%emt 00:00:09]} Nc6 {[%emt 00:00:13]} Rd6 {[%emt 00:03:06]}
Ne5 {[%emt 00:00:14]} Rd5 {[%emt 00:00:43]} Nc4 {[%emt 00:00:18]} Nd6 {[%emt
00:00:37]} Nxd6 {[%emt 00:00:06]} Rxd6 {[%emt 00:00:04]}

[Site "Europe Echecs"]